| 000 | 01374nam0a2200289 4500 | ||
|---|---|---|---|
| 001 | RU\NLR\b_ik\142777 | ||
| 005 | 20260407133746.0 | ||
| 010 |
_a5-7487-0916-3 _9300 |
||
| 035 | _a(NLR Aleph) 002215957 | ||
| 090 |
_a3233234 _c3233234 |
||
| 100 | _a20060222d2005 |||y0rusy50 ca | ||
| 101 | 0 |
_aeng _drus |
|
| 102 | _aRU | ||
| 105 | _aa ||||||||| | ||
| 200 | 1 |
_aThe Features of examination of a surgical patient _dОсобенности обследования хирургического больного _ethe methodical guide for students, course of general surgery _fKursk state med. univ., Dep. of general surgery _g[ed. by B.S. Soukovatykh] _zrus |
|
| 210 |
_aKursk _cKSMU _d2005 |
||
| 215 |
_a49 с. _cил. _d21 |
||
| 300 | _aРез. на рус. яз. | ||
| 510 | 0 |
_aОсобенности обследования хирургического больного _zrus |
|
| 606 | 1 |
_aХирургические больные _jУчебные издания для высших учебных заведений _xКлиническое обследование _91994790 _3RU\NLR\AUTH\661201534 |
|
| 686 | 4 | _aР45-4я73 | |
| 702 | 1 |
_aSukovatych _bB. S. _4340 |
|
| 712 | 0 | 2 |
_4570 _8eng _aKursk state medical university _bDepartment of general surgery _7ba _3RU\NLR\AUTH\8810080192 _9662523 |
| 801 | 0 |
_aRU _bNLR _c20060222 _gPSBO |
|
| 942 | _cBOOK | ||
| 980 | _aNB | ||